<?xml version="1.0" encoding="UTF-8"?>
<record
    xmlns:xsi="http://www.w3.org/2001/XMLSchema-instance"
    xsi:schemaLocation="http://www.loc.gov/MARC21/slim http://www.loc.gov/standards/marcxml/schema/MARC21slim.xsd"
    xmlns="http://www.loc.gov/MARC21/slim">

  <leader>01343nam a22003137a 4500</leader>
  <controlfield tag="005">20170612110333.0</controlfield>
  <datafield tag="010" ind1=" " ind2=" ">
    <subfield code="a">BAC-EN21     ENG-111477</subfield>
  </datafield>
  <datafield tag="020" ind1=" " ind2=" ">
    <subfield code="a">9780062328793</subfield>
    <subfield code="c">399.00</subfield>
  </datafield>
  <datafield tag="035" ind1=" " ind2=" ">
    <subfield code="a">EN-95009</subfield>
  </datafield>
  <datafield tag="035" ind1=" " ind2=" ">
    <subfield code="a">B-583528-553</subfield>
  </datafield>
  <datafield tag="035" ind1=" " ind2=" ">
    <subfield code="a">B-670034</subfield>
  </datafield>
  <datafield tag="037" ind1=" " ind2=" ">
    <subfield code="a">dpl</subfield>
    <subfield code="b">Pansy Books/Ven</subfield>
  </datafield>
  <datafield tag="037" ind1=" " ind2=" ">
    <subfield code="a">DBAD/PUB</subfield>
  </datafield>
  <datafield tag="082" ind1=" " ind2=" ">
    <subfield code="a">616.3</subfield>
  </datafield>
  <datafield tag="100" ind1=" " ind2=" ">
    <subfield code="a">Junger, Alejandro</subfield>
  </datafield>
  <datafield tag="245" ind1=" " ind2=" ">
    <subfield code="a">Clean gut :</subfield>
    <subfield code="b">the breakthrough plan for eliminating the root cause of disease and revolutionizing your health/</subfield>
    <subfield code="c">by Alejandro Junger</subfield>
  </datafield>
  <datafield tag="260" ind1=" " ind2=" ">
    <subfield code="a">Noida</subfield>
    <subfield code="b">Harper Collins Publishers</subfield>
    <subfield code="c">2013</subfield>
  </datafield>
  <datafield tag="270" ind1=" " ind2=" ">
    <subfield code="a">11.5/14 Abode Jenson Pro,</subfield>
    <subfield code="b">Noida</subfield>
  </datafield>
  <datafield tag="300" ind1=" " ind2=" ">
    <subfield code="a">242p. :</subfield>
    <subfield code="c">22cm(pbk)</subfield>
    <subfield code="b">ill.</subfield>
  </datafield>
  <datafield tag="500" ind1=" " ind2=" ">
    <subfield code="a">Includes bibliographical references (pages 215-225) and index.</subfield>
  </datafield>
  <datafield tag="650" ind1=" " ind2=" ">
    <subfield code="a">Gastrointestinal system </subfield>
    <subfield code="x">Diseases </subfield>
    <subfield code="v">Popular works.</subfield>
  </datafield>
  <datafield tag="650" ind1=" " ind2=" ">
    <subfield code="a"> Digestive organs </subfield>
    <subfield code="x">Diseases </subfield>
    <subfield code="v">Popular works.</subfield>
  </datafield>
  <datafield tag="650" ind1=" " ind2=" ">
    <subfield code="a">Chronic diseases </subfield>
    <subfield code="x">Prevention </subfield>
    <subfield code="v">Popular works.</subfield>
  </datafield>
  <datafield tag="650" ind1=" " ind2=" ">
    <subfield code="a"> HEALTH &amp; FITNESS / Diseases / Abdominal</subfield>
  </datafield>
  <datafield tag="650" ind1=" " ind2=" ">
    <subfield code="a"> MEDICAL / Holistic Medicine.</subfield>
  </datafield>
  <datafield tag="942" ind1=" " ind2=" ">
    <subfield code="2">ddc</subfield>
    <subfield code="c">EN</subfield>
    <subfield code="m">JUN</subfield>
    <subfield code="h">616.3</subfield>
  </datafield>
  <datafield tag="999" ind1=" " ind2=" ">
    <subfield code="c">89292</subfield>
    <subfield code="d">89292</subfield>
  </datafield>
  <datafield tag="952" ind1=" " ind2=" ">
    <subfield code="0">0</subfield>
    <subfield code="1">0</subfield>
    <subfield code="4">0</subfield>
    <subfield code="7">1</subfield>
    <subfield code="8">NFIC</subfield>
    <subfield code="a">DBAD</subfield>
    <subfield code="b">DBAD</subfield>
    <subfield code="d">2015-01-13</subfield>
    <subfield code="e">DBAD/PUB</subfield>
    <subfield code="g">399.00</subfield>
    <subfield code="l">0</subfield>
    <subfield code="o">616.3 JUN</subfield>
    <subfield code="p">EN-95009</subfield>
    <subfield code="r">2015-01-13 00:00:00</subfield>
    <subfield code="t">1</subfield>
    <subfield code="v">399.00</subfield>
    <subfield code="y">EN</subfield>
  </datafield>
  <datafield tag="952" ind1=" " ind2=" ">
    <subfield code="0">0</subfield>
    <subfield code="1">0</subfield>
    <subfield code="4">0</subfield>
    <subfield code="7">0</subfield>
    <subfield code="8">NFIC</subfield>
    <subfield code="a">L</subfield>
    <subfield code="b">L</subfield>
    <subfield code="d">2015-05-08</subfield>
    <subfield code="e">Pansy Books/1486/16.12.2014/181/08.12.2014/30.12.2014</subfield>
    <subfield code="g">399.00</subfield>
    <subfield code="l">6</subfield>
    <subfield code="m">1</subfield>
    <subfield code="o">616.3 JUN</subfield>
    <subfield code="p">B-583528</subfield>
    <subfield code="r">2021-06-11 00:00:00</subfield>
    <subfield code="s">2021-02-17</subfield>
    <subfield code="t">1</subfield>
    <subfield code="v">399.00</subfield>
    <subfield code="w">2015-05-08</subfield>
    <subfield code="y">EN</subfield>
  </datafield>
  <datafield tag="952" ind1=" " ind2=" ">
    <subfield code="0">0</subfield>
    <subfield code="1">0</subfield>
    <subfield code="4">0</subfield>
    <subfield code="7">0</subfield>
    <subfield code="8">NFIC</subfield>
    <subfield code="a">BL1</subfield>
    <subfield code="b">BL1</subfield>
    <subfield code="d">2015-05-08</subfield>
    <subfield code="e">Pansy Books/1486/16.12.2014/181/08.12.2014/30.12.2014</subfield>
    <subfield code="g">399.00</subfield>
    <subfield code="l">2</subfield>
    <subfield code="m">3</subfield>
    <subfield code="o">616.3 JUN</subfield>
    <subfield code="p">B-583529</subfield>
    <subfield code="r">2022-11-29 00:00:00</subfield>
    <subfield code="s">2022-11-01</subfield>
    <subfield code="t">1</subfield>
    <subfield code="v">399.00</subfield>
    <subfield code="y">EN</subfield>
  </datafield>
  <datafield tag="952" ind1=" " ind2=" ">
    <subfield code="0">0</subfield>
    <subfield code="1">0</subfield>
    <subfield code="4">0</subfield>
    <subfield code="7">0</subfield>
    <subfield code="8">NFIC</subfield>
    <subfield code="a">KGM</subfield>
    <subfield code="b">KGM</subfield>
    <subfield code="d">2015-05-08</subfield>
    <subfield code="e">Pansy Books/1486/16.12.2014/181/08.12.2014/30.12.2014</subfield>
    <subfield code="g">399.00</subfield>
    <subfield code="l">1</subfield>
    <subfield code="m">2</subfield>
    <subfield code="o">616.3 JUN</subfield>
    <subfield code="p">B-583530</subfield>
    <subfield code="r">2025-07-12 00:00:00</subfield>
    <subfield code="s">2025-06-04</subfield>
    <subfield code="t">1</subfield>
    <subfield code="v">399.00</subfield>
    <subfield code="y">EN</subfield>
  </datafield>
  <datafield tag="952" ind1=" " ind2=" ">
    <subfield code="0">0</subfield>
    <subfield code="1">0</subfield>
    <subfield code="4">0</subfield>
    <subfield code="7">0</subfield>
    <subfield code="8">NFIC</subfield>
    <subfield code="a">PR</subfield>
    <subfield code="b">PR</subfield>
    <subfield code="d">2015-05-08</subfield>
    <subfield code="e">Pansy Books/1486/16.12.2014/181/08.12.2014/30.12.2014</subfield>
    <subfield code="g">399.00</subfield>
    <subfield code="l">9</subfield>
    <subfield code="m">18</subfield>
    <subfield code="o">616.3 JUN</subfield>
    <subfield code="p">B-583531</subfield>
    <subfield code="r">2025-04-30 00:00:00</subfield>
    <subfield code="s">2025-04-01</subfield>
    <subfield code="t">1</subfield>
    <subfield code="v">399.00</subfield>
    <subfield code="y">EN</subfield>
  </datafield>
  <datafield tag="952" ind1=" " ind2=" ">
    <subfield code="0">0</subfield>
    <subfield code="1">0</subfield>
    <subfield code="4">0</subfield>
    <subfield code="7">0</subfield>
    <subfield code="8">NFIC</subfield>
    <subfield code="a">CJ</subfield>
    <subfield code="b">CJ</subfield>
    <subfield code="d">2015-05-08</subfield>
    <subfield code="e">Pansy Books/1486/16.12.2014/181/08.12.2014/30.12.2014</subfield>
    <subfield code="g">399.00</subfield>
    <subfield code="l">0</subfield>
    <subfield code="o">616.3 JUN</subfield>
    <subfield code="p">B-583532</subfield>
    <subfield code="r">2015-05-08 00:00:00</subfield>
    <subfield code="t">1</subfield>
    <subfield code="v">399.00</subfield>
    <subfield code="y">EN</subfield>
  </datafield>
  <datafield tag="952" ind1=" " ind2=" ">
    <subfield code="0">0</subfield>
    <subfield code="1">0</subfield>
    <subfield code="4">0</subfield>
    <subfield code="7">0</subfield>
    <subfield code="8">NFIC</subfield>
    <subfield code="a">DIZ</subfield>
    <subfield code="b">DIZ</subfield>
    <subfield code="d">2015-05-08</subfield>
    <subfield code="e">Pansy Books/1486/16.12.2014/181/08.12.2014/30.12.2014</subfield>
    <subfield code="g">399.00</subfield>
    <subfield code="l">0</subfield>
    <subfield code="o">616.3 JUN</subfield>
    <subfield code="p">B-583533</subfield>
    <subfield code="r">2015-05-08 00:00:00</subfield>
    <subfield code="t">1</subfield>
    <subfield code="v">399.00</subfield>
    <subfield code="y">EN</subfield>
  </datafield>
  <datafield tag="952" ind1=" " ind2=" ">
    <subfield code="0">0</subfield>
    <subfield code="1">0</subfield>
    <subfield code="4">0</subfield>
    <subfield code="7">0</subfield>
    <subfield code="8">NFIC</subfield>
    <subfield code="a">JP</subfield>
    <subfield code="b">JP</subfield>
    <subfield code="d">2015-05-08</subfield>
    <subfield code="e">Pansy Books/1486/16.12.2014/181/08.12.2014/30.12.2014</subfield>
    <subfield code="g">399.00</subfield>
    <subfield code="l">8</subfield>
    <subfield code="m">2</subfield>
    <subfield code="o">616.3 JUN</subfield>
    <subfield code="p">B-583534</subfield>
    <subfield code="r">2022-08-11 00:00:00</subfield>
    <subfield code="s">2022-06-20</subfield>
    <subfield code="t">1</subfield>
    <subfield code="v">399.00</subfield>
    <subfield code="y">EN</subfield>
  </datafield>
  <datafield tag="952" ind1=" " ind2=" ">
    <subfield code="0">0</subfield>
    <subfield code="1">0</subfield>
    <subfield code="4">0</subfield>
    <subfield code="7">0</subfield>
    <subfield code="8">NFIC</subfield>
    <subfield code="a">ZLS</subfield>
    <subfield code="b">ZLS</subfield>
    <subfield code="d">2015-05-08</subfield>
    <subfield code="e">Pansy Books/1486/16.12.2014/181/08.12.2014/30.12.2014</subfield>
    <subfield code="g">399.00</subfield>
    <subfield code="l">1</subfield>
    <subfield code="o">616.3 JUN</subfield>
    <subfield code="p">B-583535</subfield>
    <subfield code="r">2022-06-25 00:00:00</subfield>
    <subfield code="s">2022-05-13</subfield>
    <subfield code="t">1</subfield>
    <subfield code="v">399.00</subfield>
    <subfield code="y">EN</subfield>
  </datafield>
  <datafield tag="952" ind1=" " ind2=" ">
    <subfield code="0">0</subfield>
    <subfield code="1">0</subfield>
    <subfield code="4">0</subfield>
    <subfield code="7">0</subfield>
    <subfield code="8">NFIC</subfield>
    <subfield code="a">RKP</subfield>
    <subfield code="b">RKP</subfield>
    <subfield code="d">2015-05-08</subfield>
    <subfield code="e">Pansy Books/1486/16.12.2014/181/08.12.2014/30.12.2014</subfield>
    <subfield code="g">399.00</subfield>
    <subfield code="l">3</subfield>
    <subfield code="m">1</subfield>
    <subfield code="o">616.3 JUN</subfield>
    <subfield code="p">B-583536</subfield>
    <subfield code="r">2022-02-23 00:00:00</subfield>
    <subfield code="s">2022-02-07</subfield>
    <subfield code="t">1</subfield>
    <subfield code="v">399.00</subfield>
    <subfield code="y">EN</subfield>
  </datafield>
  <datafield tag="952" ind1=" " ind2=" ">
    <subfield code="0">0</subfield>
    <subfield code="1">0</subfield>
    <subfield code="4">0</subfield>
    <subfield code="7">0</subfield>
    <subfield code="8">NFIC</subfield>
    <subfield code="a">AG</subfield>
    <subfield code="b">AG</subfield>
    <subfield code="d">2015-05-08</subfield>
    <subfield code="e">Pansy Books/1486/16.12.2014/181/08.12.2014/30.12.2014</subfield>
    <subfield code="g">399.00</subfield>
    <subfield code="l">5</subfield>
    <subfield code="m">1</subfield>
    <subfield code="o">616.3 JUN</subfield>
    <subfield code="p">B-583537</subfield>
    <subfield code="r">2021-02-22 00:00:00</subfield>
    <subfield code="s">2021-02-03</subfield>
    <subfield code="t">1</subfield>
    <subfield code="v">399.00</subfield>
    <subfield code="y">EN</subfield>
  </datafield>
  <datafield tag="952" ind1=" " ind2=" ">
    <subfield code="0">0</subfield>
    <subfield code="1">0</subfield>
    <subfield code="4">0</subfield>
    <subfield code="7">0</subfield>
    <subfield code="8">NFIC</subfield>
    <subfield code="a">ZLS</subfield>
    <subfield code="b">ZLS</subfield>
    <subfield code="d">2015-05-08</subfield>
    <subfield code="e">Pansy Books/1486/16.12.2014/181/08.12.2014/30.12.2014</subfield>
    <subfield code="g">399.00</subfield>
    <subfield code="l">3</subfield>
    <subfield code="o">616.3 JUN</subfield>
    <subfield code="p">B-583538</subfield>
    <subfield code="r">2021-12-11 00:00:00</subfield>
    <subfield code="s">2021-11-30</subfield>
    <subfield code="t">1</subfield>
    <subfield code="v">399.00</subfield>
    <subfield code="y">EN</subfield>
  </datafield>
  <datafield tag="952" ind1=" " ind2=" ">
    <subfield code="0">0</subfield>
    <subfield code="1">0</subfield>
    <subfield code="4">0</subfield>
    <subfield code="7">0</subfield>
    <subfield code="8">NFIC</subfield>
    <subfield code="a">QRP</subfield>
    <subfield code="b">QRP</subfield>
    <subfield code="d">2015-05-08</subfield>
    <subfield code="e">Pansy Books/1486/16.12.2014/181/08.12.2014/30.12.2014</subfield>
    <subfield code="g">399.00</subfield>
    <subfield code="l">0</subfield>
    <subfield code="o">616.3 JUN</subfield>
    <subfield code="p">B-583539</subfield>
    <subfield code="r">2015-05-08 00:00:00</subfield>
    <subfield code="t">1</subfield>
    <subfield code="v">399.00</subfield>
    <subfield code="y">EN</subfield>
  </datafield>
  <datafield tag="952" ind1=" " ind2=" ">
    <subfield code="0">0</subfield>
    <subfield code="1">0</subfield>
    <subfield code="4">0</subfield>
    <subfield code="7">0</subfield>
    <subfield code="8">NFIC</subfield>
    <subfield code="a">VP</subfield>
    <subfield code="b">VP</subfield>
    <subfield code="d">2015-05-08</subfield>
    <subfield code="e">Pansy Books/1486/16.12.2014/181/08.12.2014/30.12.2014</subfield>
    <subfield code="g">399.00</subfield>
    <subfield code="l">5</subfield>
    <subfield code="m">1</subfield>
    <subfield code="o">616.3 JUN</subfield>
    <subfield code="p">B-583540</subfield>
    <subfield code="r">2020-01-24 00:00:00</subfield>
    <subfield code="s">2019-11-30</subfield>
    <subfield code="t">1</subfield>
    <subfield code="v">399.00</subfield>
    <subfield code="y">EN</subfield>
  </datafield>
  <datafield tag="952" ind1=" " ind2=" ">
    <subfield code="0">0</subfield>
    <subfield code="1">0</subfield>
    <subfield code="4">0</subfield>
    <subfield code="7">0</subfield>
    <subfield code="8">NFIC</subfield>
    <subfield code="a">BL3</subfield>
    <subfield code="b">BL3</subfield>
    <subfield code="d">2015-05-08</subfield>
    <subfield code="e">Pansy Books/1486/16.12.2014/181/08.12.2014/30.12.2014</subfield>
    <subfield code="g">399.00</subfield>
    <subfield code="l">0</subfield>
    <subfield code="o">616.3 JUN</subfield>
    <subfield code="p">B-583541</subfield>
    <subfield code="r">2015-05-08 00:00:00</subfield>
    <subfield code="t">1</subfield>
    <subfield code="v">399.00</subfield>
    <subfield code="y">EN</subfield>
  </datafield>
  <datafield tag="952" ind1=" " ind2=" ">
    <subfield code="0">0</subfield>
    <subfield code="1">0</subfield>
    <subfield code="4">0</subfield>
    <subfield code="7">0</subfield>
    <subfield code="8">NFIC</subfield>
    <subfield code="a">NRR</subfield>
    <subfield code="b">NRR</subfield>
    <subfield code="d">2015-05-08</subfield>
    <subfield code="e">Pansy Books/1486/16.12.2014/181/08.12.2014/30.12.2014</subfield>
    <subfield code="g">399.00</subfield>
    <subfield code="l">0</subfield>
    <subfield code="o">616.3 JUN</subfield>
    <subfield code="p">B-583542</subfield>
    <subfield code="r">2015-05-08 00:00:00</subfield>
    <subfield code="t">1</subfield>
    <subfield code="v">399.00</subfield>
    <subfield code="y">EN</subfield>
  </datafield>
  <datafield tag="952" ind1=" " ind2=" ">
    <subfield code="0">0</subfield>
    <subfield code="1">0</subfield>
    <subfield code="4">0</subfield>
    <subfield code="7">0</subfield>
    <subfield code="8">NFIC</subfield>
    <subfield code="a">BKK</subfield>
    <subfield code="b">BKK</subfield>
    <subfield code="d">2015-05-08</subfield>
    <subfield code="e">Pansy Books/1486/16.12.2014/181/08.12.2014/30.12.2014</subfield>
    <subfield code="g">399.00</subfield>
    <subfield code="l">0</subfield>
    <subfield code="o">616.3 JUN</subfield>
    <subfield code="p">B-583543</subfield>
    <subfield code="r">2015-05-08 00:00:00</subfield>
    <subfield code="t">1</subfield>
    <subfield code="v">399.00</subfield>
    <subfield code="y">EN</subfield>
  </datafield>
  <datafield tag="952" ind1=" " ind2=" ">
    <subfield code="0">0</subfield>
    <subfield code="1">0</subfield>
    <subfield code="4">0</subfield>
    <subfield code="7">0</subfield>
    <subfield code="8">NFIC</subfield>
    <subfield code="a">NR</subfield>
    <subfield code="b">NR</subfield>
    <subfield code="d">2015-05-08</subfield>
    <subfield code="e">Pansy Books/1486/16.12.2014/181/08.12.2014/30.12.2014</subfield>
    <subfield code="g">399.00</subfield>
    <subfield code="l">0</subfield>
    <subfield code="o">616.3 JUN</subfield>
    <subfield code="p">B-583544</subfield>
    <subfield code="r">2015-05-08 00:00:00</subfield>
    <subfield code="t">1</subfield>
    <subfield code="v">399.00</subfield>
    <subfield code="y">EN</subfield>
  </datafield>
  <datafield tag="952" ind1=" " ind2=" ">
    <subfield code="0">0</subfield>
    <subfield code="1">0</subfield>
    <subfield code="4">0</subfield>
    <subfield code="7">0</subfield>
    <subfield code="8">NFIC</subfield>
    <subfield code="a">BN</subfield>
    <subfield code="b">BN</subfield>
    <subfield code="d">2015-05-08</subfield>
    <subfield code="e">Pansy Books/1486/16.12.2014/181/08.12.2014/30.12.2014</subfield>
    <subfield code="g">399.00</subfield>
    <subfield code="l">1</subfield>
    <subfield code="o">616.3 JUN</subfield>
    <subfield code="p">B-583545</subfield>
    <subfield code="r">2025-11-07 00:00:00</subfield>
    <subfield code="s">2025-10-21</subfield>
    <subfield code="t">1</subfield>
    <subfield code="v">399.00</subfield>
    <subfield code="y">EN</subfield>
  </datafield>
  <datafield tag="952" ind1=" " ind2=" ">
    <subfield code="0">0</subfield>
    <subfield code="1">0</subfield>
    <subfield code="4">0</subfield>
    <subfield code="7">0</subfield>
    <subfield code="8">NFIC</subfield>
    <subfield code="a">KV</subfield>
    <subfield code="b">KV</subfield>
    <subfield code="d">2015-05-08</subfield>
    <subfield code="e">Pansy Books/1486/16.12.2014/181/08.12.2014/30.12.2014</subfield>
    <subfield code="g">399.00</subfield>
    <subfield code="l">0</subfield>
    <subfield code="o">616.3 JUN</subfield>
    <subfield code="p">B-583546</subfield>
    <subfield code="r">2015-05-08 00:00:00</subfield>
    <subfield code="t">1</subfield>
    <subfield code="v">399.00</subfield>
    <subfield code="y">EN</subfield>
  </datafield>
  <datafield tag="952" ind1=" " ind2=" ">
    <subfield code="0">0</subfield>
    <subfield code="1">0</subfield>
    <subfield code="4">0</subfield>
    <subfield code="7">0</subfield>
    <subfield code="8">NFIC</subfield>
    <subfield code="a">MV</subfield>
    <subfield code="b">MV</subfield>
    <subfield code="d">2015-05-08</subfield>
    <subfield code="e">Pansy Books/1486/16.12.2014/181/08.12.2014/30.12.2014</subfield>
    <subfield code="g">399.00</subfield>
    <subfield code="l">0</subfield>
    <subfield code="o">616.3 JUN</subfield>
    <subfield code="p">B-583547</subfield>
    <subfield code="r">2015-05-08 00:00:00</subfield>
    <subfield code="t">1</subfield>
    <subfield code="v">399.00</subfield>
    <subfield code="y">EN</subfield>
  </datafield>
  <datafield tag="952" ind1=" " ind2=" ">
    <subfield code="0">0</subfield>
    <subfield code="1">0</subfield>
    <subfield code="4">0</subfield>
    <subfield code="7">0</subfield>
    <subfield code="8">NFIC</subfield>
    <subfield code="a">MP</subfield>
    <subfield code="b">MP</subfield>
    <subfield code="d">2015-05-08</subfield>
    <subfield code="e">Pansy Books/1486/16.12.2014/181/08.12.2014/30.12.2014</subfield>
    <subfield code="g">399.00</subfield>
    <subfield code="l">1</subfield>
    <subfield code="o">616.3 JUN</subfield>
    <subfield code="p">B-583548</subfield>
    <subfield code="r">2017-07-29 00:00:00</subfield>
    <subfield code="s">2017-07-29</subfield>
    <subfield code="t">1</subfield>
    <subfield code="v">399.00</subfield>
    <subfield code="y">EN</subfield>
  </datafield>
  <datafield tag="952" ind1=" " ind2=" ">
    <subfield code="0">0</subfield>
    <subfield code="1">0</subfield>
    <subfield code="4">0</subfield>
    <subfield code="7">0</subfield>
    <subfield code="8">NFIC</subfield>
    <subfield code="a">BL4</subfield>
    <subfield code="b">BL4</subfield>
    <subfield code="d">2015-05-08</subfield>
    <subfield code="e">Pansy Books/1486/16.12.2014/181/08.12.2014/30.12.2014</subfield>
    <subfield code="g">399.00</subfield>
    <subfield code="l">1</subfield>
    <subfield code="o">616.3 JUN</subfield>
    <subfield code="p">B-583549</subfield>
    <subfield code="r">2022-03-03 00:00:00</subfield>
    <subfield code="s">2022-02-17</subfield>
    <subfield code="t">1</subfield>
    <subfield code="v">399.00</subfield>
    <subfield code="y">EN</subfield>
  </datafield>
  <datafield tag="952" ind1=" " ind2=" ">
    <subfield code="0">0</subfield>
    <subfield code="1">0</subfield>
    <subfield code="4">0</subfield>
    <subfield code="7">0</subfield>
    <subfield code="8">NFIC</subfield>
    <subfield code="a">RC3</subfield>
    <subfield code="b">RC3</subfield>
    <subfield code="d">2015-05-08</subfield>
    <subfield code="e">Pansy Books/1486/16.12.2014/181/08.12.2014/30.12.2014</subfield>
    <subfield code="g">399.00</subfield>
    <subfield code="l">3</subfield>
    <subfield code="o">616.3 JUN</subfield>
    <subfield code="p">B-583550</subfield>
    <subfield code="r">2024-04-19 00:00:00</subfield>
    <subfield code="s">2024-04-01</subfield>
    <subfield code="t">4</subfield>
    <subfield code="v">399.00</subfield>
    <subfield code="y">EN</subfield>
  </datafield>
  <datafield tag="952" ind1=" " ind2=" ">
    <subfield code="0">0</subfield>
    <subfield code="1">0</subfield>
    <subfield code="4">0</subfield>
    <subfield code="7">0</subfield>
    <subfield code="8">NFIC</subfield>
    <subfield code="a">RC3</subfield>
    <subfield code="b">RC3</subfield>
    <subfield code="d">2015-05-08</subfield>
    <subfield code="e">Pansy Books/1486/16.12.2014/181/08.12.2014/30.12.2014</subfield>
    <subfield code="g">399.00</subfield>
    <subfield code="l">3</subfield>
    <subfield code="m">2</subfield>
    <subfield code="o">616.3 JUN</subfield>
    <subfield code="p">B-583551</subfield>
    <subfield code="r">2024-03-12 00:00:00</subfield>
    <subfield code="s">2024-02-26</subfield>
    <subfield code="t">4</subfield>
    <subfield code="v">399.00</subfield>
    <subfield code="y">EN</subfield>
  </datafield>
  <datafield tag="952" ind1=" " ind2=" ">
    <subfield code="0">0</subfield>
    <subfield code="1">0</subfield>
    <subfield code="4">0</subfield>
    <subfield code="7">0</subfield>
    <subfield code="8">NFIC</subfield>
    <subfield code="a">RC3</subfield>
    <subfield code="b">RC3</subfield>
    <subfield code="d">2015-05-08</subfield>
    <subfield code="e">Pansy Books/1486/16.12.2014/181/08.12.2014/30.12.2014</subfield>
    <subfield code="g">399.00</subfield>
    <subfield code="l">0</subfield>
    <subfield code="o">616.3 JUN</subfield>
    <subfield code="p">B-583552</subfield>
    <subfield code="r">2015-05-08 00:00:00</subfield>
    <subfield code="t">4</subfield>
    <subfield code="v">399.00</subfield>
    <subfield code="y">EN</subfield>
  </datafield>
  <datafield tag="952" ind1=" " ind2=" ">
    <subfield code="0">0</subfield>
    <subfield code="1">0</subfield>
    <subfield code="4">0</subfield>
    <subfield code="7">0</subfield>
    <subfield code="8">NFIC</subfield>
    <subfield code="a">RC3</subfield>
    <subfield code="b">RC3</subfield>
    <subfield code="d">2015-05-08</subfield>
    <subfield code="e">Pansy Books/1486/16.12.2014/181/08.12.2014/30.12.2014</subfield>
    <subfield code="g">399.00</subfield>
    <subfield code="l">0</subfield>
    <subfield code="o">616.3 JUN</subfield>
    <subfield code="p">B-583553</subfield>
    <subfield code="r">2015-05-08 00:00:00</subfield>
    <subfield code="t">4</subfield>
    <subfield code="v">399.00</subfield>
    <subfield code="y">EN</subfield>
  </datafield>
  <datafield tag="952" ind1=" " ind2=" ">
    <subfield code="0">0</subfield>
    <subfield code="1">0</subfield>
    <subfield code="4">0</subfield>
    <subfield code="7">0</subfield>
    <subfield code="8">NFIC</subfield>
    <subfield code="a">AV</subfield>
    <subfield code="b">AV</subfield>
    <subfield code="d">2017-06-12</subfield>
    <subfield code="e">BPPD/EN/2014-15/AV/16-17/426/15.02.2017/1645/27.02.2017/27.03.2017</subfield>
    <subfield code="g">399.00</subfield>
    <subfield code="l">8</subfield>
    <subfield code="m">6</subfield>
    <subfield code="o">616.3 JUN</subfield>
    <subfield code="p">B-670034</subfield>
    <subfield code="r">2025-03-21 00:00:00</subfield>
    <subfield code="s">2025-02-14</subfield>
    <subfield code="t">1</subfield>
    <subfield code="v">399.00</subfield>
    <subfield code="w">2017-06-12</subfield>
    <subfield code="y">EN</subfield>
  </datafield>
</record>
